Privoňajte k Makyte !
Nový doplnkový sortiment výrobkov Makyty - toaletná voda. Zmena obchodných značiek. Módne trendy v obliekaní. Výrobný program Makyty.
Guardado en:
| Autor principal: | |
|---|---|
| Formato: | Capítulo de libro |
| Lenguaje: | eslovaco |
| Materias: | |
| Etiquetas: |
Sin Etiquetas, Sea el primero en etiquetar este registro!
|
MARC
| LEADER | 00000naa a2200000 4500 | ||
|---|---|---|---|
| 001 | r048375 | ||
| 005 | 20230929113706.2 | ||
| 041 | 0 | |a slo | |
| 044 | |a SK | ||
| 245 | 1 | 0 | |a Privoňajte k Makyte ! |c Renata Môciková |
| 520 | |a Nový doplnkový sortiment výrobkov Makyty - toaletná voda. Zmena obchodných značiek. Módne trendy v obliekaní. Výrobný program Makyty. | ||
| 610 | 2 | 0 | |a priemysel odevný |
| 610 | 2 | 0 | |a výrobky textilné |
| 610 | 2 | 0 | |a výrobky značkové |
| 610 | 2 | 0 | |a tovar drogeristický |
| 610 | 2 | 0 | |a výrobky nové |
| 610 | 2 | 0 | |a Makyta, a.s. Púchov |
| 100 | 1 | |a Môciková, Renata | |